Gründungsjahr deutscher Fußballvereine - Statistiken

Allgemein
  • Dieses Quiz wurde 153 mal gespielt
  • Das Durchschnittsergebnis liegt bei 16 aus 20
Antwortstatistiken
Verein Gründungsjahr % Korrekt
Borussia Dortmund 1909
95%
FC Bayern München 1900
93%
Bayer Leverkusen 1904
93%
Eintracht Frankfurt 1899
88%
RB Leipzig 2009
88%
MSV Duisburg 1902
85%
Arminia Bielefeld 1905
84%
Fortuna Düsseldorf 1895
83%
1. FC Saarbrücken 1903
82%
Rot-Weiss Essen 1907
82%
VfB Stuttgart 1893
80%
Preußen Münster 1906
80%
Hamburger SV 1887
77%
Hertha BSC 1892
73%
1. FC Köln 1948
72%
VfB Lübeck 1919
71%
SG Dynamo Dresden 1953
68%
Hansa Rostock 1965
64%
1. FC Union Berlin 1966
60%
VfL Bochum 1938
55%
Keine übereinstimmenden Quizze gefunden
Verteilung der Resultate
Anzahl Personen mit jedem Resultat
Perzentil nach korrekt beantworteten Fragen
Ihre Resultats-Entwicklung
Sie haben dieses Quiz noch nicht gespielt